|
|
|
|
| LEADER |
00000nam2a2200000 4500 |
| 001 |
293793 |
| 005 |
20231102000628.0 |
| 020 |
|
|
|a RU
|b 84-13823
|
| 035 |
|
|
|a (RuTPU)RU\TPU\book\318835
|
| 035 |
|
|
|a RU\TPU\book\318833
|
| 090 |
|
|
|a 293793
|
| 100 |
|
|
|a 20150506g1984 km y0rusy5003 ca
|
| 101 |
0 |
|
|a rus
|
| 102 |
|
|
|a RU
|
| 105 |
|
|
|a y z 001zy
|
| 200 |
0 |
|
|a Т. 1 : Псевдодифференциальные операторы
|
| 210 |
|
|
|d 1984
|
| 215 |
|
|
|a 340 с.
|
| 320 |
|
|
|a Библиогр.: с. 338-349
|
| 461 |
|
1 |
|0 (RuTPU)RU\TPU\book\351783
|t Введение в теорию псевдо-дифференциальных операторов и интегральных операторов Фурье
|o в 2 т.
|o пер. с англ.
|f Ф. Трев
|v Т. 1 : Псевдодифференциальные операторы
|d 1984
|
| 606 |
1 |
|
|a Операторы Фурье
|2 stltpush
|3 (RuTPU)RU\TPU\subj\47052
|9 66120
|
| 610 |
1 |
|
|a интегральные операторы
|
| 610 |
1 |
|
|a псевдодифференциальные операторы
|
| 610 |
1 |
|
|a теория
|
| 610 |
1 |
|
|a симплектическая геометрия
|
| 610 |
1 |
|
|a распределения Фурье
|
| 610 |
1 |
|
|a микролокальные формы
|
| 610 |
1 |
|
|a приложения
|
| 610 |
1 |
|
|a римановы многообразия
|
| 675 |
|
|
|a 517.98
|z rus
|v 3
|
| 700 |
|
1 |
|a Трев
|b Ф.
|g Франсуа
|4 070
|
| 702 |
|
1 |
|a Комеч
|b А. И.
|4 730
|
| 702 |
|
1 |
|a Шубин
|b М. А.
|4 730
|
| 801 |
|
0 |
|a RU
|b RuMRKP
|c 19950704
|g psbo
|
| 801 |
|
1 |
|a RU
|b 63413507
|c 20150506
|
| 801 |
|
2 |
|a RU
|b 63413507
|c 20181120
|g RCR
|
| 942 |
|
|
|c BK
|